Новые данные по стратиграфии и тектонике карельской формации Онего-Сегозерского водораздела (Запись № 6757821)

Подробности
000 -МАРКЕР
контрольное поле 01885nam0a2200313 4500
001 - ИДЕНТИФИКАТОР ЗАПИСИ
контрольное поле rc\2724547
005 - ИДЕНТИФИКАТОР ВЕРСИИ
контрольное поле 20250529131521.0
035 ## - ДРУГИЕ СИСТЕМНЫЕ НОМЕРА
Идентификатор записи (NLR Aleph) 006852091
100 ## - ДАННЫЕ ОБЩЕЙ ОБРАБОТКИ
Данные общей обработки 20110915d1938 |||y0rusy50 ca
101 0# - ЯЗЫК РЕСУРСА
Язык текста, звукозаписи и т.д. русский
Язык резюме английский
102 ## - СТРАНА ПУБЛИКАЦИИ ИЛИ ПРОИЗВОДСТВА
Страна публикации российская федерация
105 ## - ПОЛЕ КОДИРОВАННЫХ ДАННЫХ: ТЕКСТОВЫЕ МАТЕРИАЛЫ, МОНОГРАФИЧЕСКИЕ
Кодированные данные о монографическом текстовом документе ab z 000zy
200 1# - ЗАГЛАВИЕ И СВЕДЕНИЯ ОБ ОТВЕТСТВЕННОСТИ
Основное заглавие Новые данные по стратиграфии и тектонике карельской формации Онего-Сегозерского водораздела
Параллельное заглавие New data on the stratigraphy and tectonics of the Karelian formation of the Onega-Segozero Watershed
Первые сведения об ответственности Л. Я. Харитонов
Язык параллельного заглавия английский
210 ## - ПУБЛИКАЦИЯ, РАСПРОСТРАНЕНИЕ И ДР.
Место издания, распространения и т.д. Ленинград
-- Москва
Имя издателя, распространителя и т. д. ГОНТИ - НКТП - СССР
-- Главная редакция горно-топливной и геолого-разведочной литературы
Дата издания, распространения и т.д. 1938
215 ## - ФИЗИЧЕСКАЯ ХАРАКТЕРИСТИКА
Специфическое обозначение материала и объем 51, [1] с., 1 л. карта
Другие сведения о физической характеристике ил., карта, табл.
Размеры 25
225 1# - СЕРИЯ
Основное заглавие серии Труды Ленинградского геологического треста
Параллельное заглавие серии Transactions of the Leningrad geological trust
Сведения об ответственности Глав. геол. упр.
Обозначение тома вып. 17
300 ## - ОБЩИЕ ПРИМЕЧАНИЯ
Текст примечания Авт. также на англ. яз.: L. J. Kharitonov
300 ## - ОБЩИЕ ПРИМЕЧАНИЯ
Текст примечания Рез. англ.
320 ## - ПРИМЕЧАНИЯ О НАЛИЧИИ В ДОКУМЕНТЕ БИБЛИОГРАФИИ / УКАЗАТЕЛЯ
Текст примечания Библиогр.: с. 49-50
510 1# - ПАРАЛЛЕЛЬНОЕ ЗАГЛАВИЕ
Связь между полями z11790
Параллельное заглавие New data on the stratigraphy and tectonics of the Karelian formation of the Onega-Segozero Watershed
Язык заглавия английский
700 #1 - ИМЯ ЛИЦА - ПЕРВИЧНАЯ ОТВЕТСТВЕННОСТЬ
Графика поля Кириллица
Материалы, к которым относится поле rus
Начальный элемент ввода Харитонов
Часть имени, кроме начального элемента ввода Л. Я.
Дополнения к именам, кроме дат канд. геол.-минерал. наук
Даты 1910-1964
Расширение инициалов личного имени Леонид Яковлевич
Системный номер авторитетной/нормативной записи 140715
Идентификатор авторитетной/нормативной записи RU\NLR\AUTH\770140751
790 #1 - ИМЯ ЛИЦА - АЛЬТЕРНАТИВНАЯ ФОРМА
Графика поля Латинская
Материалы, к которым относится поле rus
Начальный элемент ввода Charitonov
Часть имени, кроме начального элемента ввода L. J.
Дополнения к именам, кроме дат канд. геол.-минерал. наук
Даты 1910-1964
Расширение инициалов личного имени Leonid Jakovlevič
Системный номер авторитетной/нормативной записи 262788
Идентификатор авторитетной/нормативной записи RU\NLR\AUTH\770262844
801 #0 - ИСТОЧНИК ЗАПИСИ
Страна российская федерация
Организация NLR
Правила каталогизации psbo
801 #1 - ИСТОЧНИК ЗАПИСИ
Страна российская федерация
Организация ELAR
Источник данных rusmarc
852 ## - МЕСТОНАХОЖДЕНИЕ И ШИФР ХРАНЕНИЯ
Идентификатор организации NLR
Шифр хранения (Call Number) 33-19/378(17)
942 ## - ДОПОЛНИТЕЛЬНЫЕ ЭЛЕМЕНТЫ ЗАПИСИ (АБИС)
Тип экземпляра АБИС Книга
980 ## - КОЛЛЕКЦИЯ
Название коллекции Национальная библиография
Экземпляры
Тип экземпляра Дата поступления Библиотека постоянного хранения Библиотека текущего хранения Место хранения Шифр хранения Штрих-код Статус не для выдачи
Книга 26.10.2013 РНБ (Садовая) РНБ (Садовая) Русский книжный фонд -Главное здание, Ленинский читальный зал 33-19/378(17) 6852091-10